Tribhuvan University Central Library

Bidhyalaya Shikshaka Dash Adhikarharu : anugaman tatha srot pustika (Record no. 71745)

MARC details
000 -LEADER
fixed length control field 00443 a2200169 4500
082 ## - DEWEY DECIMAL CLASSIFICATION NUMBER
Classification number DRM /323/ACT-b/A
100 ## - MAIN ENTRY--PERSONAL NAME
Personal name Actionaid
245 ## - TITLE STATEMENT
Title Bidhyalaya Shikshaka Dash Adhikarharu : anugaman tatha srot pustika
260 ## - PUBLICATION, DISTRIBUTION, ETC.
Place of publication, distribution, etc. Kathmandu
Name of publisher, distributor, etc. Actionaid
Date of publication, distribution, etc. n.d
300 ## - PHYSICAL DESCRIPTION
Extent 70p.
504 ## - BIBLIOGRAPHY, ETC. NOTE
Bibliography, etc. note Included Bibliography
650 ## - SUBJECT ADDED ENTRY--TOPICAL TERM
Topical term or geographic name entry element Education
650 ## - SUBJECT ADDED ENTRY--TOPICAL TERM
Topical term or geographic name entry element Non Violence Communiyy
650 ## - SUBJECT ADDED ENTRY--TOPICAL TERM
Topical term or geographic name entry element Equality
653 ## - INDEX TERM--UNCONTROLLED
Uncontrolled term Huaman Right
942 ## - ADDED ENTRY ELEMENTS (KOHA)
Source of classification or shelving scheme Dewey Decimal Classification
Koha item type General Collections

No items available.